[Event "Polanica Zdroj op-D 58th"]
[Site "Polanica Zdroj"]
[Date "2022.08.19"]
[Round "7"]
[White "Misiek, Stanislaw"]
[Black "Garwacki, Kornel"]
[Result "1-0"]
[WhiteElo "1427"]
[BlackElo "1571"]
[PlyCount "57"]
[EventDate "2022.08.13"]
[EventType "swiss"]
[EventRounds "9"]
[EventCountry "POL"]
[SourceTitle "CBM 210 Extra"]
[Source "ChessBase"]
[SourceDate "2022.11.30"]
[SourceVersion "1"]
[SourceVersionDate "2022.11.30"]
[SourceQuality "1"]

1. d4 Nf6 2. c4 d6 3. Nc3 g6 4. e4 Bg7 5. f3 0-0 6. Nge2 Nc6 7. Be3 e5 8. d5 Ne7 9. Qd2 Nd7 10. g4 f5 11. gxf5 gxf5 12. h4 f4 13. Bf2 Nb6 14. Nc1 Bd7 15. b3 Kh8 16. Nd3 c5 17. 0-0-0 a6 18. h5 Nbc8 19. Bh3 b5 20. Rdg1 Bf6 21. Bxd7 Qxd7 22. Bh4 bxc4 23. Qg2 Nxd5 24. Nxd5 Bxh4 25. Rxh4 cxd3 26. Rg4 Qd8 27. Rg7 d2+ 28. Kd1 Qe8 29. Rxh7+ 1-0

[Event "POL-ch U16"]
[Site "Sypniewo"]
[Date "2022.03.27"]
[Round "9"]
[White "Bajer, Tomasz"]
[Black "Garwacki, Kornel"]
[Result "0-1"]
[WhiteElo "1460"]
[BlackElo "1512"]
[PlyCount "134"]
[EventDate "2022.03.19"]
[EventType "swiss"]
[EventRounds "9"]
[EventCountry "POL"]
[SourceTitle "CBM 207 Extra"]
[Source "ChessBase"]
[SourceDate "2022.05.31"]
[SourceVersion "1"]
[SourceVersionDate "2022.05.31"]
[SourceQuality "1"]

1. Nf3 Nf6 2. g3 d5 3. Bg2 g6 4. 0-0 Bg7 5. d3 0-0 6. Nbd2 c6 7. c4 Re8 8. Rb1 a5 9. Qa4 Ra6 10. Nb3 Nbd7 11. c5 e5 12. Bg5 h6 13. Bxf6 Bxf6 14. Nfd2 Be7 15. Rfc1 f5 16. e4 Nf6 17. Re1 Bf8 18. Rbd1 Bd7 19. Re2 b5 20. Qa3 Qc7 21. Rde1 Kh7 22. Nf3 fxe4 23. dxe4 b4 24. Qa4 Nxe4 25. Rc2 Bg7 26. a3 Rb8 27. Nbd2 Bf5 28. Nxe4 Bxe4 29. Rce2 Bd3 30. Re3 e4 31. Rxd3 exd3 32. Qd1 Bxb2 33. Qxd3 Ra7 34. Nh4 Rg8 35. Re6 Qf7 36. Rxc6 Rd7 37. Bh3 bxa3 38. Be6 a2 39. Bxf7 a1Q+ 40. Kg2 Rxf7 41. Nxg6 Kg7 42. Nh4 Qa4 43. Qg6+ Kh8 44. Qxh6+ Rh7 45. Ng6+ Rxg6 46. Qxg6 Qe4+ 47. Qxe4 dxe4 48. Rc8+ Kg7 49. Ra8 Bc3 50. c6 Kf6 51. Kf1 Ke6 52. Ke2 Kd5 53. Ke3 Bd4+ 54. Ke2 Bb6 55. h4 Rf7 56. h5 Rxf2+ 57. Ke1 Rh2 58. g4 Kd4 59. Rb8 Bc7 60. Rb7 Bg3+ 61. Kd1 e3 62. Re7 Rh1+ 63. Ke2 Rc1 64. Rxe3 Re1+ 65. Kd2 Rxe3 66. g5 Bf4 67. Kd1 Bxg5 0-1

[Event "POL-ch U14"]
[Site "Uniejow"]
[Date "2021.07.20"]
[Round "2"]
[White "Garwacki, Kornel"]
[Black "Pancewicz, Szymon"]
[Result "0-1"]
[WhiteElo "1478"]
[BlackElo "1872"]
[PlyCount "84"]
[EventDate "2021.07.18"]
[EventType "swiss"]
[EventRounds "9"]
[EventCountry "POL"]
[SourceTitle "EXT 2022"]
[Source "ChessBase"]
[SourceDate "2021.10.06"]
[SourceVersion "1"]
[SourceVersionDate "2021.10.06"]
[SourceQuality "1"]

1. e4 c5 2. Nf3 e6 3. d4 cxd4 4. Nxd4 Nc6 5. Nc3 Qc7 6. Be3 a6 7. Be2 Nf6 8. 0-0 Be7 9. f4 d6 10. a4 0-0 11. Bf3 Bd7 12. Qe1 Nxd4 13. Bxd4 Bc6 14. Qf2 b5 15. axb5 axb5 16. e5 Nd5 17. Nxd5 Bxd5 18. Bxd5 exd5 19. b4 dxe5 20. Bxe5 Bd6 21. Bxd6 Qxd6 22. Qd4 h6 23. h3 Rxa1 24. Rxa1 Re8 25. Rd1 Re2 26. Qxd5 Re1+ 27. Rxe1 Qxd5 28. c3 Qd2 29. Re8+ Kh7 30. Rc8 Qc1+ 31. Kh2 Qxf4+ 32. Kh1 g5 33. Rc5 Kg6 34. Kg1 Qe3+ 35. Kh2 Qe2 36. Kg3 h5 37. Rc6+ f6 38. Rc5 Qd3+ 39. Kh2 g4 40. hxg4 hxg4 41. c4 bxc4 42. Rc8 g3+ 0-1